Devine le joueur à la carrière (AC Milan) - Statistiques

Statistiques générales
  • Ce quiz a été pris 326 fois
    325 depuis la dernière actualisation
  • Le résultat moyen est 11 sur 28
Statistiques - réponses
Par images Hint Réponse % Correct
Italien Paulo Maldini
92%
Néerlandais Marco van Basten
69%
Ukrainien Andriy Shevchenko
62%
Suédois Zlatan Ibrahimovic
62%
Anglais David Beckham
61%
Libéria George Weah
57%
Néerlandais Ruud Gullit
53%
Français Yoann Gourcuff
53%
Italien Andrea Pirlo
51%
Brésilien Kaka
49%
Italien Mario Balotelli
47%
Italien Alessandro Nesta
45%
Néerlandais Clarence Seedorf
45%
Italien Franco Baresi
41%
Néerlandais Patrick Kluivert
36%
Français Jean-Pierre Papin
35%
Italien Filippo Inzaghi
33%
Néerlandais Edgar Davids
28%
Néerlandais Frank Rijkaard
28%
Italien Gennaro Gattuso
28%
Argentin Hernan Crespo
28%
Ghanéen Kevin-Prince Boateng
25%
Brésilien Cafu
23%
Français Christophe Dugarry
23%
Italien Francesco Acerbi
19%
Néerlandais Jaap Stam
17%
Italien Carlo Ancelotti
9%
Italien Paolo di Canio
7%
Aucun quiz correspondant
Distribution des résultats
% des personnes avec chaque résultat
Percentile par nombre de réponses
Votre historique - résultats
Vous n’avez pas pris ce quiz depuis la dernière actualisation